000 01366nam a22002777a 4500
005 20100720122745.0
008 100720t xxu||||| |||| 00| 0 eng d
010 _aENG -96430
020 _a9789380283289
_c295.00
035 _aEN -79963
037 _bWestland
040 _adpl
_bEnglish
082 _a158.12
100 _aCanfield, Jack
245 _aChicken soup for the soul :
_bIndian women : 101 stories to open the hearts and rekindle the spirits of women /
_cby Jack Canfield , Mark Victor Hansen [and] Reema Moudgil
246 _aIndian women
_b 101 stories to open the hearts and rekindle the spirits of women
260 _aNew Delhi
_bWestland
_c2010
270 _a47, Brij Mohan Road, Daryaganj,
_bNew Delhi
_e110002
300 _axii, 358 p.
_c22 cm (pbk)
520 _aCollects stories from boys and girls between the ages of nine and thirteen, discussing such topics as friendship, embarrassing situations, family life, popularity, and making a difference.
700 _aHansen, Mark Victor
_9865
700 _aMoudgil, Reema
_93632
942 _2ddc
_cCH
_mCAN
_h158.12
999 _c37106
_d37106